000 00516nam a2200181Ia 4500
008 090124s9999 xx 000 0 und d
082 _b122133
100 _aतिबिले अनंत.
245 _a स्वप्न भंगले
250 _a1
260 _c1987
300 _a216
600 _aतिबिले अनंत.
630 _a स्वप्न भंगले
700 _aतिबिले अनंत.
730 _a स्वप्न भंगले
942 _cBOOK
999 _c168219
_d168219